=LDR 00000nam 2200000 4500 =001 INLIS000000000048506 =005 20161109125145.0 =006 =007 =008 =020 ##$$a 978-602-255-332-8 =035 ##$$0010-111600000000085 =040 ##$$a NBPDMAT =082 ##$$a 899.221 3 =090 ##$$a 899.221 3$bMun s =100 ##$$a Mini GK =245 ##$$a Standby me $c / Mini GK =250 ##$$a Cet. 2 =260 ##$$a Yogyakarta $b Senja $c 2014 =300 ##$$a 252 hlm. : $b ilus. ; $c 20 cm =650 ##$$a Fiksi Indonesia =850 ##$$a NBPDMAT =990 ##$$a 51600211